Free font index 1 / (Record no. 13010)
[ view plain ]
| 000 -CABECERA | |
|---|---|
| campo de control de longitud fija | 00825nam a2200253 4500 |
| 003 - IDENTIFICADOR DEL NÚMERO DE CONTROL | |
| campo de control | OSt |
| 005 - FECHA Y HORA DE LA ÚLTIMA TRANSACCIÓN | |
| campo de control | 20260530115304.0 |
| 008 - DATOS DE LONGITUD FIJA--INFORMACIÓN GENERAL | |
| campo de control de longitud fija | 260424b2008 gw a|||| |||| 00| 0 eng d |
| 020 ## - NÚMERO INTERNACIONAL ESTÁNDAR DEL LIBRO | |
| Número Internacional Estándar del Libro | 9789057681240 |
| 040 ## - FUENTE DE LA CATALOGACIÓN | |
| Centro catalogador/agencia de origen | ICI |
| Lengua de catalogación | spa |
| Centro/agencia transcriptor | ICI |
| 041 ## - CÓDIGO DE LENGUA | |
| Código de lengua del texto/banda sonora o título independiente | eng |
| 050 #4 - SIGNATURA TOPOGRÁFICA DE LA BIBLIOTECA DEL CONGRESO | |
| Número de clasificación | Z250.7 |
| Número de documento/Ítem | L55 2010 |
| 100 1# - ENTRADA PRINCIPAL--NOMBRE DE PERSONA | |
| Nombre de persona | Lijklema, Hans, |
| Término indicativo de función/relación | autor |
| 9 (RLIN) | 31704 |
| 245 10 - MENCIÓN DE TÍTULO | |
| Título | Free font index 1 / |
| Mención de responsabilidad, etc. | Hans Lijklema |
| 264 #1 - PRODUCCIÓN, PUBLICACIÓN, DISTRIBUCIÓN, FABRICACIÓN Y COPYRIGHT | |
| Producción, publicación, distribución, fabricación y copyright | Amsterdam : |
| Nombre del de productor, editor, distribuidor, fabricante | The Pepin Press , |
| Fecha de producción, publicación, distribución, fabricación o copyright | c2008 |
| 300 ## - DESCRIPCIÓN FÍSICA | |
| Extensión | 319 páginas : |
| Otras características físicas | hojas (algunas a color) |
| Material acompañante/anejo | 1 CD-ROM (4 3/4 plg.) |
| 336 ## - TIPO DE CONTENIDO | |
| Término de tipo de contenido | texto |
| Fuente | rdacontent |
| 337 ## - TIPO DE MEDIO | |
| Nombre/término del tipo de medio | sin medio |
| Fuente | rdamedia |
| 338 ## - TIPO DE SOPORTE | |
| Nombre/término del tipo de soporte | volumen |
| Fuente | rdacarrier |
| 650 #4 - PUNTO DE ACCESO ADICIONAL DE MATERIA--TÉRMINO DE MATERIA | |
| Término de materia o nombre geográfico como elemento de entrada | Fuentes de computadora |
| Subdivisión general | Muestras |
| 9 (RLIN) | 31705 |
| 650 #4 - PUNTO DE ACCESO ADICIONAL DE MATERIA--TÉRMINO DE MATERIA | |
| Término de materia o nombre geográfico como elemento de entrada | Fuentes de computadora |
| Subdivisión de forma | Catálogos |
| 9 (RLIN) | 31706 |
| 650 #4 - PUNTO DE ACCESO ADICIONAL DE MATERIA--TÉRMINO DE MATERIA | |
| Término de materia o nombre geográfico como elemento de entrada | Fuentes de computadora |
| Subdivisión general | Recursos en redes de computación |
| 9 (RLIN) | 31707 |
| 942 ## - ELEMENTOS DE PUNTO DE ACCESO ADICIONAL (KOHA) | |
| Fuente del sistema de clasificación o colocación | Library of Congress Classification |
| Tipo de ítem Koha | |
| Suprimir en OPAC | 1 |
No items available.